| 000 | 00946nam a22003257a 4500 | ||
|---|---|---|---|
| 001 | 0046807 | ||
| 003 | KOHA_MİRAKIL | ||
| 005 | 20260207003533.0 | ||
| 007 | ta | ||
| 008 | 141202b2012 tu |||gr||||#||||0|tur | | ||
| 020 | _a9786055794040 | ||
| 040 |
_aTR-BiSEU _btur _cTR-BiSEU _erda |
||
| 041 | 0 | _atur | |
| 044 | _ctu | ||
| 050 |
_aQA9 _b.N47 2013 |
||
| 100 | 1 | _aNesin, Ali. | |
| 245 | 1 |
_aÖnermeler mantığı/ _cAli Nesin ; Ali Nesin. |
|
| 264 | 1 |
_aİstanbul : _bNesin yayıncılık _c2012 |
|
| 300 |
_a148 sayfa ; _c24 cm. |
||
| 336 |
_ametin _btxt _2rdacontent |
||
| 337 |
_aaracısız _bn _2rdamedia |
||
| 338 |
_acilt _bnc _2rdacarrier |
||
| 490 | 1 |
_aNesin matematik köyü kitaplığı ; _v9. |
|
| 650 | 0 |
_aÖnerme (Mantık) _986379 |
|
| 650 | 0 |
_aMatematik _91486 |
|
| 650 | 0 |
_aProposition (Logic) _986380 |
|
| 650 | 0 |
_aMathematics _92070 |
|
| 830 | 1 |
_aNesin matematik köyü kitaplığı ; _v9. _986381 |
|
| 942 |
_2lcc _cBK |
||
| 999 |
_c46773 _d46773 |
||